000 00475nam a2200181Ia 4500
003 GCL
008 140319s9999 xx 000 0 eng d
040 _aGCL /
_cGCL
082 0 4 _a747.73
_bA I
100 1 _aATKINSON, SCOTT
245 1 0 _aIDEAS FOR GREAT HOME OFFICES /
_cATKINSON, SCOTT
260 _a[S.N] :
_bSUNSET PUBLISHING COPERATION ،
_c1995
300 _a128 P
650 0 4 _aHOME OFFICES
650 0 4 _aINTERIOR DECORATION
650 0 4 _aHOMES
942 _2ddc
_cBK
999 _c13816
_d13816